المعجم الوسيط / (رقم التسجيلة. 5515)

تفاصيل مارك
000 -LEADER
fixed length control field 00729nam a22002177a 4500
005 - DATE AND TIME OF LATEST TRANSACTION
control field 20251108164155.0
008 - FIXED-LENGTH DATA ELEMENTS--GENERAL INFORMATION
fixed length control field 250721s9999 xx 000 0 ara d
082 14 - DEWEY DECIMAL CLASSIFICATION NUMBER
Classification number م/413.11/معج
100 1# - MAIN ENTRY--PERSONAL NAME
Personal name مصطفى، إبراهيم
245 10 - TITLE STATEMENT
Title المعجم الوسيط /
264 ## - PRODUCTION, PUBLICATION, DISTRIBUTION, MANUFACTURE, AND COPYRIGHT NOTICE
Name of producer, publisher, distributor, manufacturer المكتبة الإسلامية،
300 ## - PHYSICAL DESCRIPTION
Extent 2ج في مج 1
650 17 - SUBJECT ADDED ENTRY--TOPICAL TERM
Topical term or geographic name as entry element اللغة العربية
650 17 - SUBJECT ADDED ENTRY--TOPICAL TERM
Topical term or geographic name as entry element القواميس
700 1# - ADDED ENTRY--PERSONAL NAME
Personal name الزيات، أحمد حسن
700 1# - ADDED ENTRY--PERSONAL NAME
Personal name عبد القادر، حامد
700 1# - ADDED ENTRY--PERSONAL NAME
Personal name النجار، محمد علي
710 2# - ADDED ENTRY--CORPORATE NAME
Corporate name or jurisdiction name as entry element مجمع اللغة العربية . الإدارة العامة للمعجمات و إحياء التراث
942 ## - ADDED ENTRY ELEMENTS (KOHA)
Source of classification or shelving scheme Dewey Decimal Classification
Koha item type مراجع
المقتنيات
حالة السحب حالة الفقدان مصدر التصنيف حالة التلف غير قابل للإعارة المكتبة الرئيسية المكتبة الحالية موقع الرف تاريخ التزويد الرقم المتسلسل Total Checkouts رقم الإستدعاء الباركود تاريخ آخر ظهور تاريخ الفاتورة نوع المادة (كوها)
    Dewey Decimal Classification   Not For Loan المكتبة المركزية المكتبة المركزية مراجع 28/07/2025 882482   م/413.11/معج 882482 28/07/2025 28/07/2025 مراجع
    Dewey Decimal Classification   Not For Loan مكتبة أبو علندا العامة مكتبة أبو علندا العامة مراجع 14/11/2015 511175   م/413.11/معج PLD00364610 28/07/2025 14/11/2015 مراجع
    Dewey Decimal Classification   Not For Loan مكتبة أبو علندا العامة مكتبة أبو علندا العامة مراجع 05/08/2017 1661045   م/413.11/معج PLD00405308 28/07/2025 05/08/2017 مراجع
    Dewey Decimal Classification     مكتبة أم المؤمنين للأطفال مكتبة أم المؤمنين للأطفال الأطفال 28/07/2025 430177   م/413.11/معج 430177 28/07/2025 28/07/2025 مراجع
    Dewey Decimal Classification   Not For Loan مكتبة أم قصير والمقابلين العامة مكتبة أم قصير والمقابلين العامة مراجع 03/11/2014 511174   م/413.11/معج PLD00358317 28/07/2025 03/11/2014 مراجع
    Dewey Decimal Classification   Not For Loan مكتبة الأميرة ايمان العامة مكتبة الأميرة ايمان العامة مراجع 28/07/2025 882484   م/413.11/معج 882484 28/07/2025 28/07/2025 مراجع
    Dewey Decimal Classification   Not For Loan مكتبة الأميرة سلمى مكتبة الأميرة سلمى مراجع 28/07/2025 566362   م/413.11/معج 566362 28/07/2025 28/07/2025 مراجع
    Dewey Decimal Classification   Not For Loan مكتبة الياسمين للأطفال مكتبة الياسمين للأطفال مراجع 06/07/2004 511165   م/413.11/معج 511165 28/07/2025 06/07/2004 مراجع
    Dewey Decimal Classification   Not For Loan مكتبة الياسمين للأطفال مكتبة الياسمين للأطفال مراجع 18/03/2014 558008   م/413.11/معج PLD00295355 28/07/2025 18/03/2014 مراجع
    Dewey Decimal Classification Unchecked   مكتبة بدر الجديدة للأطفال مكتبة بدر الجديدة للأطفال الأطفال 28/07/2025 400926   م/413.11/معج   28/07/2025 28/07/2025 مراجع
    Dewey Decimal Classification   Not For Loan مكتبة صويلح العامة مكتبة صويلح العامة مراجع 28/07/2025 882485   م/413.11/معج 882485 28/07/2025 28/07/2025 مراجع
    Dewey Decimal Classification   Not For Loan مكتبة صويلح العامة مكتبة صويلح العامة مراجع 12/10/2019 511167   م/413.11/معج PLD00471448 28/07/2025 12/10/2019 مراجع
    Dewey Decimal Classification   Not For Loan مكتبةمؤتة مكتبةمؤتة مراجع 06/07/2004 511163   م/413.11/معج 511163 28/07/2025 06/07/2004 مراجع
Implemented & Customized by: BBB with SCIT (Smart Chains for Information Technology)

Powered by Koha